Использование магнийсодержащих отходов в производстве строительных материалов: диссертация на соискание ученой степени кандидата технических наук

Bibliografiske detaljer
Hovedforfatter: Зырянова В. Н. Валентина Николавна
Institution som forfatter: Российская академия наук (РАН) Сибирское отделение (СО) Институт химии твердого тела и переработки минерального сырья (ИХТТПМС)
Andre forfattere: Верещагин В. И. Владимир Иванович (научный руководитель)
Sprog:russisk
Udgivet: Томск, 1996
Fag:
Format: MixedMaterials Bog
KOHA link:https://koha.lib.tpu.ru/cgi-bin/koha/opac-detail.pl?biblionumber=1523

MARC

LEADER 00000nbm0a2200000 4500
001 1523
005 20240206150058.0
035 |a (RuTPU)RU\TPU\book\1530 
035 |a BOOK00001532 
090 |a 1523 
100 |a 20011209d1996 k y0rusy50 ca 
101 0 |a rus 
102 |a RU 
105 |a a m 000zy 
200 1 |a Использование магнийсодержащих отходов в производстве строительных материалов  |e диссертация на соискание ученой степени кандидата технических наук  |f В. Н. Зырянова  |g Сибирское отделение РАН; Институт химии твердого тела и переработки минерального сырья; науч. рук.: В. И. Верещагин 
210 |a Томск  |d 1996 
215 |a 246 л.  |c ил. 
610 1 |a строительные материалы 
610 1 |a производство 
610 1 |a отходы магнийсодержащие 
610 1 |a магнезиальное сырье 
610 1 |a диссертации 
610 1 |a труды учёных ТПУ 
675 |a 691.33(048)  |v 3 
700 1 |a Зырянова  |b В. Н.  |g Валентина Николавна 
702 1 |a Верещагин  |b В. И.  |c химик-технолог  |c профессор Томского политехнического университета, доктор технических наук  |f 1942-  |g Владимир Иванович  |3 (RuTPU)RU\TPU\pers\19774  |4 727  |9 7712 
712 0 2 |a Российская академия наук (РАН)  |b Сибирское отделение (СО)  |b Институт химии твердого тела и переработки минерального сырья (ИХТТПМС)  |c (Новосибирск)  |3 (RuTPU)RU\TPU\col\446 
801 0 |a RU  |b 63413507  |c 20011209  |g PSBO 
801 2 |a RU  |b 63413507  |c 20171103  |g PSBO 
942 |c BK